| 000 | 00532nam a2200169 4500 | ||
|---|---|---|---|
| 001 | 132455 | ||
| 003 | ES-MaACL | ||
| 005 | 20251003063125.0 | ||
| 007 | t| | ||
| 008 | 070214s1920 fr r ||||1| fre d | ||
| 100 | 1 |
_aRomains, Jules, _d1885-1972 _999206 |
|
| 245 | 1 | 0 |
_aDonogoo-Tonka _b: ou les miracles de la science : conte cinématographique / _cJules Romains (seud). |
| 260 |
_aParis : _bLa Nouvelle Revue Française, _c1920. |
||
| 300 |
_a170 p. ; _c19 cm. |
||
| 852 |
_aES-MaACL _jD-1381 |
||
| 999 |
_c132455 _d132455 |
||